000 00311nam a2200109Ia 4500
008 221009s9999 xx 000 0 und d
082 _a741.462
100 _aवत्‍स्‍य, सन्‍तराम
_964459
245 0 _aमहाभारत
260 _bज्ञान भारती
942 _cBK
999 _c64680
_d64680